| 000 | 00744nam a22002297a 4500 | ||
|---|---|---|---|
| 003 | OSt | ||
| 005 | 20140310182335.0 | ||
| 008 | 130925t xxu||||| |||| 00| 0 eng d | ||
| 020 | _a9781405844185 | ||
| 050 |
_aQA 11.D659 _b.St896c 2008 |
||
| 100 |
_aStraker, Anita. _921533 |
||
| 245 |
_aExploring maths 5 : _bclass book / _cAnita Straker. |
||
| 260 |
_aGreat Britain, Scotprint : _bPearson Longman, _cc2008. |
||
| 300 |
_aiv. 385 p. : _bill. col. ; _c27 cm. |
||
| 500 | _aIncludes index and bibliographies | ||
| 651 |
_aFractions _xmathematics _921561 |
||
| 651 |
_aProbabilities _xmathematics _921562 |
||
| 651 |
_aMeasurements _xmathematics _921563 |
||
| 651 |
_aEquations _xmathematics _921564 |
||
| 942 |
_2lcc _cBK-TR |
||
| 999 |
_c12052 _d12052 |
||